000 00615nam a2200217 a 4500
001 60712
003 BD-RjUL
005 20211209080856.0
008 170102s1973 ii 000 0 eng
035 _a(BD-RjUL)60836
040 _aDLC
_cCtY
_dDLC
_dBD-RjUL
_beng
041 _aeng
082 _223
_a398.095412
_bMIF 1973
100 _aPakrasi, Mira
_9180886
245 1 0 _aFolk tales of Bihar /
_cMira Pakrasi
260 _aNew Delhi :
_bSterling Publishing
_c1973
300 _a120 p. :
_bill. ;
_c21 cm.
650 0 _aFolklore
_zIndia
_zBihar.
_9180887
650 0 _aTales
_zIndia
_zBihar.
_9180888
942 _2ddc
_cBK
999 _c60712
_d60712